000 00459nam a2200169 4500
001 116665
003 ES-MaACL
005 20250716063257.0
007 t|
008 061121m19061909fr r ||||1| fre d
100 1 _aPascal, Blaise,
_d1623-1662
_989307
245 1 0 _aOeuvres complétes /
_cde Blaise Pascal.
260 _aParis :
_bHachette,
_c1906-1909.
300 _a3 t. ;
_c18 cm.
852 _aES-MaACL
_jF-7965-67
999 _c116665
_d116665